000 01355nam a2200313 c 4500
003 BLK
005 20180422112200.0
008 180409b bul|||||r ||||||| ||bul||
010 _aKNG00145106000
040 _aBLK
041 _aBUL
_cBUL
080 _aБългарска литература
_b821.163.2
_x-93-32
_z821.163.2-93-32
100 1 _aДонков, Славчо Александров
_eпърви автор
_9298651
700 1 _aАлексов, Александър Георгиев
_eхудож.
_9378024
139 _aДонков, Славчо Александров
_bД 77
245 1 0 _aСтряха
_bРазкази за животни : За деца
_cСлавчо Александров Донков; худож. Александър Георгиев Алексов.
257 _aBGR
260 София
_bОтечество
_c1982
_fВ. Търново : Д. Найденов
300 _a143 с.
_bс ил.
_c20 см
380 _aDX
500 _a25 115 тир.
653 _aдетска литература
653 _aлитература за деца
852 _aЦб 260473
856 4 _qpdf
_u
856 4 _qpdf
_u
942 _cKNG
_n0
944 _aCR
_c08.07.2013
_l08.07.2013 - от С1,Р / 08.07.2013
_kПолина_Златанова
944 _aED
_c18.09.2017
_l08.07.2013 - от С1,Р / 08.07.2013
_kХристина_Везирева
999 _c139090
_d139090